00932cam a2200289 a 45000010005000000030006000050050017000110080041000280100017000690200015000860200027001010400023001280500014001510820013001651000036001782450090002142600038003043000042003424900029003845050007004135200111004205210018005315210019005496500019005686500022005877000033006094330FISKH20250331114135.0000928s2002 nyua a 000 1 eng  a 00049881  a0060286822 a0060286830 (lib. bdg.) aDLCcDLCdDLCbeng aPZ7.C179  a808.068 1 aCapucilli, Alyssa Satin,d1957-10aBiscuit goes to school /cstory by Alyssa Satin Capucilli ; pictures by Pat Schories. aNew York :bHarperCollins,c2002. a27 pages : billustrations ; c22 cm 1 aMy first I can read book aD  aA dog follows the bus to school, where he meets the teacher and takes part in the activities of the class.8 a160 bLexile 8 aD bRaz-Plus  1aDogsvFiction. 1aSchoolsvFiction.1 aSchories, Pat,eillustrator